000 00614nam a2200169Ia 4500
008 090711s9999 xx 000 0 und d
082 _b74294
100 _aगाला ध. रा. / गाला धीरेन
245 _aअॅक्युप्रेशर
260 _bगाला पब्लिशर्स
_c1991
300 _a160
600 _aगाला ध. रा. / गाला धीरेन
630 _aअॅक्युप्रेशर
700 _aगाला ध. रा. / गाला धीरेन
730 _aअॅक्युप्रेशर
942 _cBOOK
999 _c312438
_d312438